Fracking Liability (Record no. 84467)

MARC details
000 -LEADER
fixed length control field 00634cab a22001935a 4500
001 - CONTROL NUMBER
control field L157810
008 - FIXED-LENGTH DATA ELEMENTS--GENERAL INFORMATION
fixed length control field 130529e20130504xxk 000 0 eng d
035 ## - SYSTEM CONTROL NUMBER
System control number (Sirsi) u157810
041 0# - LANGUAGE CODE
Language code of text/sound track or separate title eng
100 1# - MAIN ENTRY--PERSONAL NAME
Personal name Small, Jonathan
245 00 - TITLE STATEMENT
Title Fracking Liability
260 ## - PUBLICATION, DISTRIBUTION, ETC.
Date of publication, distribution, etc. 2013
490 ## - SERIES STATEMENT
Series statement Estates Gazette
Volume/sequential designation (1318) 4 May 2013, 92-94(3)
520 ## - SUMMARY, ETC.
Summary, etc. Considers the issues relating to the commercial exploitation of shale gas in the UK. Explains the ownership and access to the gas and compulsory purchase and contamination issues.
590 ## - LOCAL NOTE (RLIN)
Local note KA
651 #4 - SUBJECT ADDED ENTRY--GEOGRAPHIC NAME
Geographic name United Kingdom
690 ## - LOCAL SUBJECT ADDED ENTRY--TOPICAL TERM (OCLC, RLIN)
Topical term or geographic name as entry element Minerals and waste
9 (RLIN) 6257
942 ## - ADDED ENTRY ELEMENTS (KOHA)
Suppress in OPAC 0
Holdings
Withdrawn status Lost status Source of classification or shelving scheme Damaged status Not for loan Home library Current library Shelving location Date acquired Total Checkouts Full call number Barcode Date last seen Copy number Price effective from Koha item type
    Dewey Decimal Classification     London London Journal article 29/05/2013   L157810 157810-1001 06/08/2019 1 06/08/2019 Journal article